Régions d'Albanie - Carte Quiz - Statistiques

Statistiques générales
  • Ce quiz a été pris 235 fois
  • Le résultat moyen est 6 sur 12
Réponses sur la Carte
Les réponses sont colorées sur une échelle allant du rouge au vert en fonction du pourcentage des utilisateurs qui les ont devinées à leur premier essai. Vous pouvez retrouver ces pourcentages ci-dessous.
 
Statistiques - réponses
Réponse % Correct
Vlorë
73%
Shkodër
67%
Durrës
55%
Tirana
54%
Gjirokastër
46%
Korçë
46%
Kukës
41%
Lezhë
40%
Elbasan
38%
Berat
32%
Fier
32%
Dibër
30%
Aucun quiz correspondant
Distribution des résultats
% des personnes avec chaque résultat
Percentile par nombre de réponses
Votre historique - résultats
Vous n’avez pas pris ce quiz